Normal view
MARC view
- Morini, Massimiliano
Entry Personal Name
001 - CONTROL NUMBER
- control field: 41923
003 - CONTROL NUMBER IDENTIFIER
- control field: DLC
005 - DATE AND TIME OF LATEST TRANSACTION
- control field: 20181113131245.0
008 - FIXED-LENGTH DATA ELEMENTS
- fixed length control field: 010817n| azannaabn |n aaa
010 ## - LIBRARY OF CONGRESS CONTROL NUMBER
- LC control number: n 2001042472
040 ## - CATALOGING SOURCE
- Original cataloging agency: DLC
- Language of cataloging: eng
- Transcribing agency: DLC
- Modifying agency: Uk
- Modifying agency: DLC
- Modifying agency: EG-ScBUE
- Description conventions: rda
100 1# - HEADING--PERSONAL NAME
- Personal name: Morini, Massimiliano
670 ## - SOURCE DATA FOUND
- Source citation: Morini, Massimiliano. Poeti inglesi del secondo Novecento, 2001:
- Information found: t.p. (Massimiliano Morini)
670 ## - SOURCE DATA FOUND
- Source citation: Le parole di Tolkien, 1999:
- Information found: t.p. (Massimiliano Morini) back cover (born in Forlì in 1972)
670 ## - SOURCE DATA FOUND
- Source citation: The Pragmatic Translator, 2013, ©2012:
- Information found: ECIP t.p. (Massimiliano Morini) data view (Associate Professor of English Linguistics and Translation at the University of Udine, Italy)